000 00564cam a2200193 4500
001 D15304
008 090401t1982 xxu||||| |||| 00| 0 eng d
035 _a(Sirsi) u21785
041 _aeng
050 _a692.8
110 _aRoyal Institution of Chartered Surveyors
_bQuantity Surveyors' Division
_91263
245 _aDesign and build: one-day conference, Thursday 22 April 1982
260 _aLondon
_bSurveyors` Technical Services
_c1982
300 _a3 papers
350 _a0
520 _aFiled in box RICS 1982/12 ABC
942 _n0
948 _c04/03/1997
999 _c88059
_d88059